000 00586nam a2200229Ia 4500
003 OSt
005 20230331113351.0
008 210423s2017 xx 000 0 und d
020 _a978-81-8094-078-1
040 _cAL
041 _aeng
082 _a615.9
_223
_bSUBT
100 _aSUBRAMANIAN (M A)
_980768
245 _aToxicology: principles and methods Ed 2
250 _a2
260 _aChennai
_bMJP Publishers
_c2017
300 _axxiii,325
_bPB
365 _b495
_cINR
650 _aToxicology
_980769
906 _amethods ; principles ; Toxicology:
942 _2ddc
_cBK
999 _c168885
_d168885